Normal view
MARC view
Entry Personal Name
001 - CONTROL NUMBER
- control field: 75260
003 - CONTROL NUMBER IDENTIFIER
- control field: dpl
005 - DATE AND TIME OF LATEST TRANSACTION
- control field: 20241217125035.0
008 - FIXED-LENGTH DATA ELEMENTS
- fixed length control field: 241217|| aca||aabn | a|a d
040 ## - CATALOGING SOURCE
- Original cataloging agency: dpl
- Transcribing agency: dpl
100 ## - HEADING--PERSONAL NAME
- Personal name: Sudhir, Bodduluri
670 ## - SOURCE DATA FOUND
- Source citation: Work cat.: (dpl)207440: Sudhir, Bodduluri, Services Marketing:, 2011
